| Tag |
First Indicator |
Second Indicator |
Subfields |
| LEADER |
00000cas a2200000 a 4500 |
| 001 |
in00002122821 |
| 005 |
20151103063242.0 |
| 006 |
m d |
| 007 |
cr mnu|||||||| |
| 008 |
051113d19861988nyuar so c 0 0eng d |
| 010 |
|
|
|a 2005237307
|
| 022 |
|
|
|y 0889-6585
|
| 029 |
0 |
|
|a OCLCS
|b OP-2113
|
| 029 |
1 |
|
|a NZ1
|b 10558108
|
| 029 |
1 |
|
|a AU@
|b 000028673481
|
| 029 |
1 |
|
|a NZ1
|b 12139492
|
| 029 |
1 |
|
|a AU@
|b 000044927520
|
| 029 |
1 |
|
|a AU@
|b 000045714851
|
| 035 |
|
|
|a (OCoLC)ocm62267010
|
| 035 |
|
|
|a (OCoLC)62267010
|
| 040 |
|
|
|a EYM
|c EYM
|d HUL
|d OCLCS
|d UtOrBLW
|
| 042 |
|
|
|a lcd
|
| 043 |
|
|
|a n-us-ny
|
| 049 |
|
|
|a TXAM
|
| 050 |
1 |
4 |
|a N610
|b .A676 Electronic
|
| 110 |
2 |
|
|a Metropolitan Museum of Art (New York, N.Y.)
|
| 240 |
1 |
0 |
|a Recent acquisitions (Online)
|
| 245 |
1 |
0 |
|a Recent acquisitions :
|b a selection.
|
| 264 |
|
1 |
|a New York :
|b Metropolitan Museum of Art,
|c ©1986-©1988.
|
| 310 |
|
|
|a Annual
|
| 336 |
|
|
|a text
|b txt
|2 rdacontent
|
| 337 |
|
|
|a computer
|b c
|2 rdamedia
|
| 338 |
|
|
|a online resource
|b cr
|2 rdacarrier
|
| 362 |
0 |
|
|a 1985/1986-1987/1988.
|
| 500 |
|
|
|a Title from title screen (JSTOR, viewed Nov. 13, 2005).
|
| 530 |
|
|
|a Also issued in print.
|
| 538 |
|
|
|a Mode of access: World Wide Web.
|
| 500 |
|
|
|a Electronic resource.
|
| 610 |
2 |
0 |
|a Metropolitan Museum of Art (New York, N.Y.)
|v Catalogs.
|
| 650 |
|
0 |
|a Art
|z New York (State)
|z New York
|v Catalogs.
|
| 776 |
1 |
|
|a Metropolitan Museum of Art (New York, N.Y.).
|t Recent acquisitions
|x 0889-6585
|w (DLC)sn 86010490
|w (OCoLC)13987056
|
| 780 |
0 |
0 |
|a Metropolitan Museum of Art (New York, N.Y.).
|s Notable acquisitions (Online)
|w (DLC) 2005237308
|w (OCoLC)62267008
|
| 785 |
0 |
4 |
|t Bulletin of the Metropolitan Museum of Art (Online)
|w (DLC) 2005237313
|w (OCoLC)62267106
|
| 949 |
|
|
|a updated
|b h
|c 2011/9/2
|e vilik
|f 12:25:37 pm
|
| 994 |
|
|
|a C0
|b TXA
|
| 999 |
|
|
|a MARS
|
| 999 |
f |
f |
|s 90e996dd-1e89-325e-8d16-a3f14c8b1a50
|i de9c59da-3509-389a-b24d-d2591371ec29
|t 0
|
| 952 |
f |
f |
|a Texas A&M University
|b College Station
|c Electronic Resources
|d Available Online
|t 0
|e N610 .A676
|g Electronic
|h Library of Congress classification
|
| 998 |
f |
f |
|a N610 .A676
|t 0
|l Available Online
|